|
|
|
|
| LEADER |
00000nam0a2200000 4500 |
| 001 |
67949 |
| 005 |
20231031074330.0 |
| 010 |
|
|
|a 5947239698
|
| 010 |
|
|
|a 966-552-136-5
|
| 035 |
|
|
|a (RuTPU)RU\TPU\book\72346
|
| 090 |
|
|
|a 67949
|
| 100 |
|
|
|a 20040928d2004 km y0rusy50 ca
|
| 101 |
1 |
|
|a rus
|c eng
|
| 102 |
|
|
|a RU
|a UA
|
| 105 |
|
|
|a a z 001zy
|
| 200 |
1 |
|
|a Операционные системы. Параллельные и распределенные системы
|e пер. с англ.
|f Дж. Бэкон, Т. Харрис
|
| 210 |
|
|
|a СПб.
|c Питер
|a Киев
|c BHV
|d 2004
|
| 215 |
|
|
|a 800 с.
|c ил.
|
| 320 |
|
|
|a Библиогр.: с. 770-784
|
| 320 |
|
|
|a Алфавитный указатель: с. 785-799
|
| 610 |
1 |
|
|a компьютерные системы
|
| 610 |
1 |
|
|a операционные системы
|
| 610 |
1 |
|
|a программные системы
|
| 610 |
1 |
|
|a структура
|
| 610 |
1 |
|
|a принципы
|
| 610 |
1 |
|
|a процессы
|
| 610 |
1 |
|
|a взаимодействие
|
| 610 |
1 |
|
|a программное обеспечение
|
| 610 |
1 |
|
|a архитектура
|
| 610 |
1 |
|
|a параллельные системы
|
| 610 |
1 |
|
|a распределенные системы
|
| 610 |
1 |
|
|a Unix
|
| 610 |
1 |
|
|a Linux
|
| 610 |
1 |
|
|a Windows 2000/NT
|
| 610 |
1 |
|
|a Java
|
| 675 |
|
|
|a 681.324.01
|v 3
|
| 700 |
|
1 |
|a Бэкон
|b Дж.
|g Джин
|
| 701 |
|
1 |
|a Харрис
|b Т.
|g Тим
|
| 801 |
|
1 |
|a RU
|b 63413507
|c 20040928
|g PSBO
|
| 801 |
|
2 |
|a RU
|b 63413507
|c 20210610
|g PSBO
|
| 942 |
|
|
|c BK
|
| 959 |
|
|
|a 119/20040924
|d 2
|e 300
|f АНЛ:1
|f ЧЗТЛ:1
|